[Event "San Francisco TNM Winter op"]
[Site "San Francisco"]
[Date "2015.02.24"]
[Round "8"]
[White "Nachiappan, Nagappan"]
[Black "Handler, Andrew Todd"]
[Result "0-1"]
[WhiteElo "1529"]
[BlackElo "1672"]
[PlyCount "90"]
[EventDate "2015.01.06"]
[EventType "swiss"]
[EventRounds "8"]
[EventCountry "USA"]
[SourceTitle "EXT 2016"]
[Source "ChessBase"]
[SourceDate "2015.10.08"]
[SourceVersion "1"]
[SourceVersionDate "2015.10.08"]
[SourceQuality "1"]

1. d4 e6 2. c4 f5 3. Nf3 Nf6 4. Bg5 Be7 5. e3 0-0 6. Be2 d6 7. 0-0 Ne4 8. Bf4 Nd7 9. Nbd2 Ndf6 10. Rc1 Nxd2 11. Qxd2 Ne4 12. Qc2 b6 13. Rfd1 Bb7 14. h3 g5 15. Bh2 Qe8 16. d5 e5 17. Nd2 Nxd2 18. Qxd2 Qg6 19. e4 f4 20. Bg4 Qxe4 21. Re1 Qg6 22. Rc3 Bc8 23. Bf3 Bf5 24. g4 fxg3 25. fxg3 g4 26. hxg4 Bxg4 27. Bxg4 Qxg4 28. Rce3 Bg5 29. Re4 Qxg3+ 30. Bxg3 Bxd2 31. Rg4+ Kh8 32. Bh4 Rf4 33. Re4 Rxg4+ 34. Rxg4 Rf8 35. Rg2 Bh6 36. Kh2 Bg7 37. Kg3 Bf6 38. Kh3 Bxh4 39. Kxh4 Rf6 40. b3 Rh6+ 41. Kg3 Rg6+ 42. Kf3 Rxg2 43. Kxg2 Kg7 44. Kf3 Kf6 45. Kg4 h5+ 0-1

[Event "San Francisco TNM Winter op"]
[Site "San Francisco"]
[Date "2015.02.17"]
[Round "7"]
[White "Nachiappan, Nagappan"]
[Black "Eastham, Asher Dan"]
[Result "1-0"]
[WhiteElo "1529"]
[BlackElo "1471"]
[PlyCount "65"]
[EventDate "2015.01.06"]
[EventType "swiss"]
[EventRounds "8"]
[EventCountry "USA"]
[SourceTitle "EXT 2016"]
[Source "ChessBase"]
[SourceDate "2015.10.08"]
[SourceVersion "1"]
[SourceVersionDate "2015.10.08"]
[SourceQuality "1"]

1. d4 d5 2. c4 e6 3. Nf3 Nf6 4. Bg5 Be7 5. Nc3 Nbd7 6. e3 0-0 7. Bd3 c5 8. 0-0 h6 9. Bh4 a6 10. Qc2 dxc4 11. Bxc4 cxd4 12. Nxd4 Ne5 13. Bb3 b5 14. Bg3 Nfd7 15. Qe4 Qc7 16. Qxa8 Bb7 17. Qa7 Bc5 18. Ncxb5 axb5 19. Bxe5 Nxe5 20. Rac1 Rc8 21. Rxc5 Qxc5 22. Qxb7 b4 23. Nxe6 Qc1 24. h3 Qc6 25. Qxc6 Rxc6 26. Nd8 Rc8 27. Rd1 g6 28. f4 Nc4 29. Rd4 Nxe3 30. Nxf7 Rc1+ 31. Kf2 Nd1+ 32. Rxd1 Rxd1 33. Ne5+ 1-0

[Event "San Francisco TNM Winter op"]
[Site "San Francisco"]
[Date "2015.01.13"]
[Round "2"]
[White "Morgan, Jerry"]
[Black "Nachiappan, Nagappan"]
[Result "1-0"]
[WhiteElo "1524"]
[BlackElo "1529"]
[PlyCount "75"]
[EventDate "2015.01.06"]
[EventType "swiss"]
[EventRounds "8"]
[EventCountry "USA"]
[SourceTitle "EXT 2016"]
[Source "ChessBase"]
[SourceDate "2015.10.08"]
[SourceVersion "1"]
[SourceVersionDate "2015.10.08"]
[SourceQuality "1"]

1. f4 c5 2. Nf3 d6 3. e4 Nc6 4. Be2 e5 5. d3 Nf6 6. Nc3 Be7 7. 0-0 0-0 8. fxe5 dxe5 9. Be3 Ng4 10. Bd2 Nd4 11. Nxd4 Qxd4+ 12. Kh1 Nf2+ 13. Rxf2 Qxf2 14. Nd5 Bd6 15. Be3 Qh4 16. Qf1 Qd8 17. Qe1 f5 18. Bf3 fxe4 19. Bxe4 Rb8 20. Qg3 b6 21. Bg5 Qd7 22. Nf6+ Rxf6 23. Bxf6 Kh8 24. Bxe5 Bxe5 25. Qxe5 Rb7 26. Bxb7 Bxb7 27. Rf1 h6 28. Rf8+ Kh7 29. Qf5+ Qxf5 30. Rxf5 Kg6 31. Rf8 Bd5 32. b3 b5 33. Rc8 Kf5 34. Rxc5 Ke5 35. Rxb5 Kd4 36. Kg1 Bc6 37. Rb4+ Kd5 38. Kf2 1-0